Statistiques concernant Joueurs ayant plus de 60 sélections en équipe de France de football

Cliquez ici pour prendre le quiz!

Statistiques générales

  • Ce quiz a été pris 7 047 fois
  • Le résultat moyen est 13 sur 27

Statistiques - réponses

CapesJoueur% Correct
108Zinedine Zidane
92%
123Thierry Henry
86%
142Lilian Thuram
84%
103Didier Deschamps
79%
87Fabien Barthez
78%
97Laurent Blanc
75%
72Michel Platini
74%
97Bixente Lizarazu
66%
65Karim Benzema
66%
116Marcel Desailly
66%
71David Trezeguet
65%
63Emmanuel Petit
62%
81Franck Ribéry
60%
107Patrick Vieira
54%
82Youri Djorkaeff
47%
71Claude Makélélé
45%
79Robert Pirès
39%
92Sylvain Wiltord
33%
69Nicolas Anelka
30%
80Florent Malouda
25%
65Marius Tresor
25%
84William Gallas
25%
67Eric Abidal
22%
60Luis Fernandez
16%
82Manuel Amoros
12%
76Maxime Bossis
8%
63Roger Marche
2%

Distribution des résultats

Percentile par nombre de réponses

% des personnes avec chaque résultat

Votre développement - résultats

Vous n’avez pas pris ce quiz